000
00404nam a2200145Ia 4500
008
100122s9999 xx 000 0 und d
082
_b
5272
_a
80
100
_a
भावे पु भा
245
_a
रक्त आणि अश्रू
260
_c
1924
300
_a
60
630
_a
रक्त आणि अश्रू
730
_a
रक्त आणि अश्रू
942
_c
BOOK
999
_c
398602
_d
398599